[Event "Titled Tue 10th Jun Early"]
[Site "chess.com INT"]
[Date "2025.06.10"]
[Round "3"]
[White "Vagman, Roy"]
[Black "Howell, David W L"]
[Result "1/2-1/2"]
[WhiteTitle "FM"]
[BlackTitle "GM"]
[WhiteElo "2403"]
[BlackElo "2668"]
[WhiteFideId "2828995"]
[BlackFideId "410608"]
[EventDate "2025.06.10"]

1. e4 e5 2. Nf3 Nc6 3. Bb5 Nge7 4. Nc3 g6 5. d4 exd4 6. Nxd4 Bg7 7. Be3 O-O 8.
O-O a6 9. Be2 d6 10. Qd2 f5 11. exf5 Nxf5 12. Nxf5 Bxf5 13. Bd3 Qd7 14. Bxf5
Rxf5 15. Rad1 Qf7 16. b3 Re8 17. Ne2 h5 18. Ng3 Ra5 19. a4 h4 20. Ne2 h3 21.
gxh3 Rh5 22. Ng3 Rxh3 23. Qd5 Ne5 24. Kg2 Qxd5+ 25. Rxd5 Rh4 26. h3 Nf7 27. Rfd1
b6 28. R5d3 Be5 29. Bd4 Kg7 30. Bxe5+ Nxe5 31. Rc3 Re7 32. Re3 Rf7 33. Rd2 Rhf4
34. Rde2 Kh6 35. Re4 g5 36. R4e3 Kg6 37. Re4 Rh7 38. R4e3 Rhf7 39. Re4 Rh7 40.
R4e3 Rfh4 41. Nf1 Kf6 42. Nh2 Rf4 43. Re4 Rhh4 44. R4e3 Kf5 45. Kg3 Kf6 46. Rxe5
dxe5 47. Ng4+ Kg6 48. Rxe5 Rh7 49. Re6+ Kf7 50. Rc6 Kf8 51. Ne5 Rf5 52. Ng4 Re7
53. Ne3 Rfe5 54. Ng4 Rd5 55. Rc3 Rd6 56. Rf3+ Kg7 57. Rf5 Kg6 58. Rf3 Rde6 59.
Rc3 Rf7 60. Rc4 Rfe7 61. Rc3 Rd6 62. Rf3 Kg7 63. Rf5 Kg6 64. Rf3 1/2-1/2

[Event "Titled Tue 10th Jun Early"]
[Site "chess.com INT"]
[Date "2025.06.10"]
[Round "3"]
[White "Andrade, Ivan"]
[Black "Soto, Cristian Camilo"]
[Result "1-0"]
[WhiteTitle "FM"]
[BlackTitle "FM"]
[WhiteElo "2144"]
[BlackElo "2070"]
[WhiteFideId "14800039"]
[BlackFideId "4407008"]
[EventDate "2025.06.10"]

1. e4 g6 2. d4 Bg7 3. c4 d6 4. Nc3 Nf6 5. f3 O-O 6. Be3 c5 7. d5 a6 8. Qd2 e6 9.
O-O-O exd5 10. cxd5 b5 11. Kb1 b4 12. Nce2 Nbd7 13. Bh6 a5 14. Bxg7 Kxg7 15. Nc1
Ne5 16. g4 c4 17. h4 c3 18. bxc3 bxc3 19. Qxc3 Rb8+ 20. Ka1 Qb6 21. Nb3 a4 22.
Nd4 Bd7 23. g5 Nh5 24. Bh3 Rfc8 25. Nc6 Bxc6 26. Bxc8 Rxc8 27. dxc6 Rxc6 28. Qb2
Qe3 29. Ne2 a3 30. Qd2 Qxf3 31. Nd4 Qc3+ 32. Qxc3 Rxc3 33. Nb5 Re3 34. Nxa3 Rxa3
35. Rxd6 Ng3 36. Rh3 Re3 37. Rd1 f5 38. gxf6+ Kxf6 39. Rg1 Nf5 40. Rxe3 Nxe3 41.
Rc1 N5c4 42. a4 Ke5 43. Ka2 Kxe4 44. Kb3 Kd3 45. Kb4 Nc2+ 46. Kc5 Na5 47. Kb5
Nb3 48. Rd1+ Kc3 49. Rd7 Na3+ 50. Kc6 h6 51. Rd6 g5 52. h5 Nd4+ 53. Kb7 Nf5 54.
Rf6 Nc4 55. a5 1-0

[Event "Titled Tue 10th Jun Early"]
[Site "chess.com INT"]
[Date "2025.06.10"]
[Round "3"]
[White "Hernandez Leon, Sergio"]
[Black "Thipsay, Bagyashree Sathe"]
[Result "0-1"]
[WhiteTitle "CM"]
[BlackTitle "WIM"]
[WhiteElo "2102"]
[BlackElo "2075"]
[WhiteFideId "2285622"]
[BlackFideId "5001013"]
[EventDate "2025.06.10"]

1. e4 c6 2. Nc3 d5 3. Nf3 Bg4 4. d4 dxe4 5. Nxe4 Nf6 6. Nxf6+ gxf6 7. c3 Qc7 8.
h3 Bh5 9. Be2 e6 10. Be3 Bd6 11. b4 Nd7 12. a4 a5 13. b5 O-O 14. c4 c5 15. d5
Bg6 16. h4 Rfe8 17. h5 Be4 18. Bd3 exd5 19. cxd5 c4 20. Bxe4 Rxe4 21. Nd2 Bb4
22. Kf1 Bxd2 23. Qxd2 Qe5 24. Re1 c3 25. Qd1 Re8 26. Rh3 Kh8 27. h6 b6 28. Rh5
Qd6 29. Qf3 Nf8 30. Rc1 Ng6 31. Rxc3 Rxa4 32. Rc6 Qe7 33. Qxf6+ Qxf6 34. Rxf6
Kg8 35. Rxb6 Ra1+ 36. Ke2 Nf4+ 37. Kf3 Nxh5 38. d6 Rd1 39. g4 Nf6 40. Ke2 Rd5
41. f3 Nd7 42. Rb7 Rxd6 43. Kf2 Rd3 44. Bf4 Nc5 45. Ra7 Rb3 46. Rxa5 Nd3+ 47.
Kg3 Nxf4 48. Kxf4 Rb8 49. b6 R3xb6 50. Ra7 Rxh6 51. g5 Rg6 52. Kg4 h6 53. f4
hxg5 54. fxg5 Rb5 55. Ra8+ Kg7 0-1

[Event "Titled Tue 10th Jun Early"]
[Site "chess.com INT"]
[Date "2025.06.10"]
[Round "3"]
[White "Parfenov, Viktor N."]
[Black "Nikulina, Alena"]
[Result "0-1"]
[WhiteTitle "CM"]
[BlackTitle "WFM"]
[WhiteElo "2193"]
[BlackElo "1875"]
[WhiteFideId "4165969"]
[BlackFideId "4172051"]
[EventDate "2025.06.10"]

1. d4 d5 2. c4 dxc4 3. e3 e5 4. Bxc4 exd4 5. exd4 Nf6 6. Nf3 Bb4+ 7. Nc3 O-O 8.
O-O Bg4 9. Be3 c6 10. h3 Bh5 11. g4 Bg6 12. Ne5 Bxc3 13. bxc3 Nd5 14. Nxg6 hxg6
15. Bd2 Nd7 16. Qf3 N7b6 17. Bb3 Qd7 18. Rfe1 Rfe8 19. c4 Nf6 20. Bc3 Rxe1+ 21.
Rxe1 Re8 22. Rxe8+ Qxe8 23. Kg2 Qe4 24. g5 Qxf3+ 25. Kxf3 Nfd7 26. Bb4 f6 27. h4
f5 28. Kf4 Kf7 29. Bd6 Ke6 30. Bc7 c5 31. Ke3 Nc8 32. Ba4 b6 33. Bc6 Nd6 34. f4
cxd4+ 35. Kxd4 Nc5 36. Bd5+ Ke7 37. Bb8 a5 38. Bc7 Nd7 39. Bc6 Nc8 40. Kd5 Nc5
41. Bb5 Nd3 42. Ba6 Kd7 43. Be5 Nb4+ 44. Kd4 Nxa6 45. Bxg7 Nc5 46. Bf8 Nd6 47.
Bh6 Nde4 48. Ke5 Ke7 49. h5 Nd7+ 50. Kd4 gxh5 51. g6 Kf6 52. g7 Kf7 53. Kd5
Ndf6+ 54. Kc6 h4 55. Kxb6 h3 56. c5 h2 57. c6 h1=Q 58. c7 Qb1+ 59. Ka7 Qc2 60.
Kb8 Qb2+ 61. Ka8 Nd6 62. Bg5 Qb7# 0-1

[Event "Titled Tue 10th Jun Early"]
[Site "chess.com INT"]
[Date "2025.06.10"]
[Round "3"]
[White "Onur, Cigdem"]
[Black "Gulkov, Igor A."]
[Result "1/2-1/2"]
[WhiteTitle "WCM"]
[BlackTitle "IM"]
[WhiteElo "1956"]
[BlackElo "2358"]
[WhiteFideId "6346030"]
[BlackFideId "4120973"]
[EventDate "2025.06.10"]

1. e4 c5 2. Nf3 d6 3. d4 cxd4 4. Nxd4 Nf6 5. Nc3 a6 6. Bg5 e6 7. f4 h6 8. Bxf6
Qxf6 9. Qd2 Qd8 10. O-O-O Be7 11. Bd3 Qb6 12. Kb1 Nc6 13. Nxc6 bxc6 14. f5 Bd7
15. fxe6 Bxe6 16. Rhe1 O-O 17. e5 dxe5 18. Rxe5 Bf6 19. Rh5 Rab8 20. b3 Qb4 21.
Ne4 Be7 22. Qxb4 Rxb4 23. Rf1 a5 24. Kb2 a4 25. Ra5 axb3 26. axb3 Rd8 27. Rf3 f5
28. Nc5 Bxc5 29. Rxc5 Bd5 30. Rxf5 Bxg2 31. Bc4+ Kh7 32. Rf7 Rbb8 33. Re5 Rf8
34. Bd3+ Kh8 35. Ree7 Rxf7 36. Rxf7 Bd5 37. Re7 Rf8 38. c4 Bg2 39. Kc3 Bf3 40.
Be4 Bxe4 41. Rxe4 c5 42. Re5 Rc8 43. b4 cxb4+ 44. Kxb4 g5 45. Kb5 Kg7 46. c5 Kf6
47. Re1 h5 48. c6 g4 49. Kb6 h4 50. Kb7 Rg8 51. c7 g3 52. hxg3 hxg3 53. c8=Q
Rxc8 54. Kxc8 Kf5 55. Kd7 Kf4 56. Ke6 Kf3 57. Kf5 g2 58. Kg5 Kf2 59. Ra1 g1=Q+
60. Rxg1 Kxg1 1/2-1/2

[Event "Titled Tue 10th Jun Early"]
[Site "chess.com INT"]
[Date "2025.06.10"]
[Round "3"]
[White "Mkrtchyan, Mariam"]
[Black "Banerjee, Supratit"]
[Result "0-1"]
[WhiteTitle "WIM"]
[BlackTitle "FM"]
[WhiteElo "2307"]
[BlackElo "2311"]
[WhiteFideId "13310828"]
[BlackFideId "2410079"]
[EventDate "2025.06.10"]

1. Nf3 d5 2. g3 Nf6 3. Bg2 e6 4. c4 Be7 5. b3 O-O 6. Bb2 c5 7. cxd5 exd5 8. d4
b6 9. O-O Bb7 10. Nc3 Nc6 11. Rc1 Rc8 12. dxc5 bxc5 13. Na4 Nb4 14. a3 Na6 15.
Ne5 Qd6 16. Nd3 Rfd8 17. e3 Ba8 18. Nf4 d4 19. Bxa8 Rxa8 20. exd4 cxd4 21. Nd3
Rab8 22. b4 Qd7 23. Nac5 Nxc5 24. Nxc5 Bxc5 25. Rxc5 Qh3 26. Qf3 Qe6 27. Rd1 Ne4
28. Qf5 Nxc5 29. Qxc5 d3 30. Qg5 f6 31. Qf4 Rbc8 32. Bd4 Qb3 33. Rd2 Rc2 34. Be3
Qd5 35. Rd1 d2 36. h4 h5 37. Kh2 Rc1 38. Rxc1 dxc1=Q 39. Bxc1 Rc8 40. Be3 a6 41.
Qd4 Qxd4 42. Bxd4 Rc2 43. Kg2 Ra2 44. Bc5 Kf7 45. Kg1 Ke6 46. Kg2 Kd5 47. Bf8
Kc4 48. Bxg7 f5 49. Bf8 Kb5 50. Kf3 Rxa3+ 51. Kf4 Ra2 52. Kxf5 Rxf2+ 53. Kg5
Rxf8 54. Kxh5 Kxb4 55. g4 a5 56. g5 a4 57. g6 a3 58. g7 Ra8 59. Kg6 a2 60. Kh7
a1=Q 61. g8=Q Rxg8 62. Kxg8 Qg1+ 63. Kh7 Kc5 64. h5 Kd6 65. h6 Ke7 66. Kh8 Kf7
67. h7 Qa1# 0-1

[Event "Titled Tue 10th Jun Early"]
[Site "chess.com INT"]
[Date "2025.06.10"]
[Round "3"]
[White "Villalba, Marcelo"]
[Black "Galyamov, Vildan"]
[Result "1-0"]
[WhiteTitle "IM"]
[WhiteElo "2233"]
[BlackElo "2122"]
[WhiteFideId "3701859"]
[BlackFideId "14200929"]
[EventDate "2025.06.10"]

1. e4 e6 2. d4 d5 3. Nd2 dxe4 4. Nxe4 Nd7 5. Bd3 Ngf6 6. Nxf6+ Nxf6 7. Nf3 c5 8.
dxc5 Qa5+ 9. Bd2 Qxc5 10. O-O Be7 11. c4 O-O 12. Qe2 b6 13. b4 Qc7 14. Bc3 Bb7
15. Ne5 Rad8 16. Rfd1 h6 17. Rac1 Bd6 18. a3 Ba8 19. Bb2 Qb7 20. f3 a5 21. c5
bxc5 22. bxc5 Qa7 23. Qf2 Be7 24. c6 Qxf2+ 25. Kxf2 Nd5 26. Nd7 Rfe8 27. Be4
Bxc6 28. Rxc6 Rxd7 29. Ra6 Bc5+ 30. Ke1 Rb7 31. Bc1 Rb3 32. Rxa5 Bd6 33. g3 Be5
34. Kf2 Nc3 35. Rd3 Nxe4+ 36. Ke3 Rxd3+ 37. Kxd3 Nf2+ 38. Ke3 Rc8 39. Rxe5 Rxc1
40. Kxf2 Rc2+ 41. Re2 Rc3 42. Ra2 Rc5 43. a4 Ra5 44. Ke3 e5 45. Ke4 f6 46. Kd3
Kf7 47. Kc4 Ke6 48. Kb4 Ra8 49. a5 f5 50. a6 e4 51. fxe4 fxe4 52. Kc5 Ke5 53. a7
g5 54. Ra3 h5 55. h3 h4 56. Kb6 hxg3 57. Rxg3 Kf4 58. Rg4+ Kf5 59. Kb7 1-0

[Event "Titled Tue 10th Jun Early"]
[Site "chess.com INT"]
[Date "2025.06.10"]
[Round "3"]
[White "Peng, Li Min"]
[Black "Tabatabaei, M. Amin"]
[Result "0-1"]
[WhiteTitle "GM"]
[BlackTitle "GM"]
[WhiteElo "2491"]
[BlackElo "2655"]
[WhiteFideId "14112620"]
[BlackFideId "12521213"]
[EventDate "2025.06.10"]

1. Nf3 d5 2. e3 Nf6 3. c4 e6 4. Nc3 b6 5. b3 Bb7 6. Bb2 Nbd7 7. Be2 a6 8. O-O
Bd6 9. cxd5 exd5 10. Nd4 g6 11. Rc1 Qe7 12. f4 O-O 13. Bf3 c5 14. Nc2 Rfe8 15.
Ne2 a5 16. g4 a4 17. Ng3 axb3 18. axb3 Ra2 19. Rb1 Ne4 20. Bxe4 dxe4 21. g5 Ba6
22. Rf2 Bd3 23. Qc1 Qe6 24. Ra1 Rea8 25. Ne1 Qxb3 26. Nxd3 exd3 27. Rb1 Qc2 28.
Rf1 c4 29. Ne4 Be7 30. Bc3 Nc5 31. Nxc5 Bxc5 32. Qe1 Re8 33. Rf2 Qa4 34. f5 Re4
35. h3 Qd7 36. Qf1 Rxe3 37. fxg6 Rg3+ 38. Kh2 Bxf2 39. gxh7+ Kxh7 40. g6+ fxg6
41. Rb5 Qf7 42. Re5 Qf3 43. Re7+ Kh6 44. Bg7+ Kh5 45. Re5+ g5 46. Re6 Rxh3+ 47.
Qxh3+ Qxh3+ 48. Kxh3 g4+ 49. Kg2 Rxd2 50. Kf1 g3 51. Bc3 Rc2 52. Re5+ Kg4 53.
Be1 Bxe1 54. Kxe1 g2 55. Rg5+ Kxg5 56. Kd1 g1=R# 0-1

[Event "Titled Tue 10th Jun Early"]
[Site "chess.com INT"]
[Date "2025.06.10"]
[Round "3"]
[White "Yonal, Timur"]
[Black "Tarnowska, Aleksandra"]
[Result "1-0"]
[WhiteTitle "FM"]
[BlackTitle "WCM"]
[WhiteElo "2170"]
[BlackElo "1882"]
[WhiteFideId "44115725"]
[BlackFideId "1180967"]
[EventDate "2025.06.10"]

1. e4 c5 2. Nf3 e6 3. d4 cxd4 4. Nxd4 a6 5. c4 Qc7 6. Nc3 Nf6 7. Be2 Bb4 8. f3
O-O 9. O-O Nc6 10. Nxc6 dxc6 11. Be3 Bxc3 12. bxc3 e5 13. c5 Be6 14. Qa4 h6 15.
Rfd1 Rfd8 16. Kf2 Rxd1 17. Rxd1 Rd8 18. Rxd8+ Qxd8 19. Qc2 Qa5 20. Qb2 Qxa2 21.
Qxa2 Bxa2 22. c4 a5 23. Ke1 a4 24. Kd2 Kf8 25. Kc3 Bb3 26. Bf2 Nd7 27. Kb4 Ke7
28. Bd3 Kd8 29. Kc3 Kc7 30. Bc2 Bxc2 31. Kxc2 b5 32. cxb6+ Nxb6 33. Kc3 a3 34.
c5 Nd7 35. Kb3 Kb7 36. Kxa3 Ka6 37. Kb4 f6 38. Be1 Nb8 39. g3 Nd7 40. Bc3 Kb7
41. Kc4 Kc7 42. f4 exf4 43. gxf4 Nb8 44. Bb2 Kd7 45. Kd4 Na6 46. Bc3 Nc7 47. Ke3
Nb5 48. Bb2 Ke6 49. h3 g5 50. f5+ Ke7 51. Kf3 Kf7 52. Kg4 Nc7 53. Kh5 Kg7 54. e5
Ne8 55. Ba1 Kh7 56. exf6 Kg8 57. Kg6 Kf8 58. f7 Ng7 59. Bxg7+ 1-0

[Event "Titled Tue 10th Jun Early"]
[Site "chess.com INT"]
[Date "2025.06.10"]
[Round "3"]
[White "Novikova, Marharyta"]
[Black "Guliev, Gasan"]
[Result "1-0"]
[WhiteTitle "WCM"]
[BlackTitle "CM"]
[WhiteElo "1974"]
[BlackElo "2123"]
[WhiteFideId "14109689"]
[BlackFideId "34165638"]
[EventDate "2025.06.10"]

1. e4 c5 2. Nc3 Nc6 3. d3 g6 4. Be3 Nd4 5. Qd2 Bg7 6. Nd1 e6 7. c3 Nc6 8. Bxc5
d6 9. Be3 Nge7 10. Bh6 O-O 11. h4 f6 12. Bxg7 Kxg7 13. f4 d5 14. h5 dxe4 15.
hxg6 hxg6 16. dxe4 Qb6 17. f5 g5 18. g4 Ne5 19. Qh2 Rg8 20. Qh6+ Kf7 21. Qh5+
Kf8 22. Qh6+ Kf7 23. Qh5+ Kf8 24. Qh6+ Ke8 25. Qxf6 exf5 26. Qxe5 fxg4 27. Rh7
Be6 28. Qb5+ Qxb5 29. Bxb5+ Kf8 30. Ne3 Rd8 31. Ne2 a6 32. Ba4 b5 33. Bb3 Bxb3
34. axb3 Rd6 35. Nd4 Rg7 36. Rh8+ Rg8 37. Rh5 Nc6 38. Nxc6 Rxc6 39. Ke2 Re6 40.
Rf1+ Ke7 41. Kd3 Rd8+ 42. Nd5+ Kd6 43. Rxg5 Rd7 44. Rxg4 Kc5 45. b4+ Kc6 46.
Rfg1 a5 47. Rg6 Rxg6 48. Rxg6+ Kb7 49. bxa5 Ka7 50. Kd4 b4 51. cxb4 Rb7 52. Kc4
Rh7 53. Rb6 Rh1 54. b3 Rc1+ 55. Kb5 Rc8 56. Nc3 Re8 57. Rd6 Re5+ 58. Rd5 Re6 59.
Rd7+ Kb8 60. a6 Kc8 61. Rh7 Re5+ 62. Nd5 Rxe4 63. a7 Rxb4+ 64. Kxb4 Kd8 65.
a8=Q# 1-0

[Event "Titled Tue 10th Jun Early"]
[Site "chess.com INT"]
[Date "2025.06.10"]
[Round "3"]
[White "Gibala, Adam"]
[Black "Kjaergaard-Jensen, Jesper"]
[Result "1-0"]
[WhiteTitle "CM"]
[BlackTitle "CM"]
[WhiteElo "2245"]
[BlackElo "2081"]
[WhiteFideId "21070288"]
[BlackFideId "1406990"]
[EventDate "2025.06.10"]

1. Nf3 Nf6 2. c4 d6 3. d4 Nbd7 4. Nc3 e5 5. g3 Be7 6. Bg2 c6 7. O-O Qc7 8. e4 h6
9. h3 Nf8 10. b3 g5 11. Bb2 Ng6 12. c5 g4 13. cxd6 Bxd6 14. Nxe5 gxh3 15. Bh1
Nxe5 16. dxe5 Bxe5 17. Qd3 Ng4 18. Nd1 Be6 19. Bxe5 Qxe5 20. Ne3 h2+ 21. Kg2 Qh5
22. Nf5 Rd8 23. Ng7+ Ke7 24. Qxd8+ Rxd8 25. Nxh5 Rd2 26. Nf4 Ne3+ 27. Kxh2 Nxf1+
28. Rxf1 Rxa2 29. Nxe6 fxe6 30. Bf3 Rb2 31. Kg2 Rxb3 32. Ra1 a6 33. Bg4 Rb2 34.
Kf3 c5 35. Ke3 Kf6 36. f4 Rb3+ 37. Kf2 c4 38. e5+ Ke7 39. Be2 c3 40. Ke3 c2+ 41.
Bd3 Kd7 42. Kd2 c1=Q+ 43. Rxc1 Rb2+ 44. Rc2 Rb6 45. Be4 Ke7 46. Ke3 Rb3+ 47. Kf2
a5 48. Rc7+ Kd8 49. Rxb7 Rc3 50. Ra7 Rc5 51. Kf3 Rb5 52. Kg4 Rb3 53. Kh5 Rxg3
54. Rxa5 Rg1 55. Kxh6 Rg3 56. Bg6 Ke7 57. Kg7 Rf3 58. Ra7+ Kd8 59. Kf6 Rxf4+ 60.
Kxe6 Rg4 61. Ra8+ Kc7 62. Bf5 Rg7 63. Kf6 1-0

[Event "Titled Tue 10th Jun Early"]
[Site "chess.com INT"]
[Date "2025.06.10"]
[Round "3"]
[White "Zeliantsova, Kseniya"]
[Black "Sethuraman, Roshan"]
[Result "1/2-1/2"]
[WhiteTitle "WFM"]
[WhiteElo "2062"]
[BlackElo "2074"]
[WhiteFideId "13512617"]
[BlackFideId "30965250"]
[EventDate "2025.06.10"]

1. e4 c5 2. Nf3 d6 3. Bb5+ Nd7 4. a4 Nf6 5. Nc3 g6 6. O-O Bg7 7. Re1 O-O 8. d4
cxd4 9. Nxd4 a6 10. Bf1 Qc7 11. Nb3 e6 12. Bf4 Ne5 13. Qd2 Rd8 14. Rad1 Nh5 15.
Bg5 f6 16. Be3 Bf8 17. a5 Qf7 18. f4 Nc6 19. Bb6 Re8 20. Bc4 Bd7 21. Nd4 Nxd4
22. Bxd4 Ng7 23. Rf1 Rac8 24. Bb3 Kh8 25. f5 Be7 26. fxg6 Qxg6 27. Rf3 Nh5 28.
Rdf1 e5 29. Be3 Rg8 30. Kh1 Rgf8 31. Nd5 Bd8 32. Nb6 Bxb6 33. axb6 Bg4 34. R3f2
Rcd8 35. Bh6 Rfe8 36. Be3 Re7 37. Bd5 Rg7 38. c4 Re7 39. b4 Be6 40. Bxe6 Rxe6
41. Qd5 Re7 42. c5 Red7 43. c6 bxc6 44. Qxc6 Qg7 45. Qd5 Rb7 46. Rc1 Rdb8 47. h3
Ng3+ 48. Kh2 Qg6 49. Rc7 Nxe4 50. Rxb7 Rg8 51. Rd7 Qg3+ 52. Kg1 Qxe3 53. Qxg8+
Kxg8 54. b7 Qxf2+ 55. Kh1 Qf1+ 56. Kh2 Qf4+ 57. Kh1 Ng3+ 58. Kh2 Nf1+ 59. Kg1
Qd4+ 60. Kxf1 Qd1+ 61. Kf2 Qd4+ 62. Kf1 Qc4+ 63. Kg1 Qc1+ 64. Kh2 Qf4+ 65. Kg1
Qe3+ 66. Kh1 Qc1+ 67. Kh2 Qf4+ 68. Kh1 Qf1+ 69. Kh2 Qf4+ 1/2-1/2

[Event "Titled Tue 10th Jun Early"]
[Site "chess.com INT"]
[Date "2025.06.10"]
[Round "3"]
[White "Zaw, Ye Htut"]
[Black "Miranda Samudio, Adrian Jafeth"]
[Result "0-1"]
[WhiteTitle "CM"]
[BlackTitle "CM"]
[WhiteElo "2180"]
[BlackElo "1902"]
[WhiteFideId "13013955"]
[BlackFideId "6611044"]
[EventDate "2025.06.10"]

1. e4 c5 2. Nf3 d6 3. d4 cxd4 4. Nxd4 Nf6 5. Nc3 g6 6. Be2 Bg7 7. Be3 O-O 8. O-O
Nc6 9. Nb3 Be6 10. f4 Qc8 11. h3 h5 12. Bf3 Bc4 13. Rf2 Rd8 14. Rd2 b5 15. e5
dxe5 16. fxe5 Rxd2 17. Nxd2 Nxe5 18. Bxa8 Qxa8 19. Nxc4 Nxc4 20. Bd4 e5 21. Bf2
b4 22. Nb5 a6 23. Nd6 Nxb2 24. Qd2 a5 25. c4 Ne4 26. Nxe4 Qxe4 27. Qxb2 Qxc4 28.
Rc1 Qf4 29. Rc8+ Kh7 30. Qc1 Qf5 31. Qc2 e4 32. Rc5 Qf4 33. Rc4 f5 34. Rc7 e3
35. Bh4 Qxh4 36. Qb2 Qf2+ 37. Qxf2 exf2+ 38. Kxf2 Kh6 39. Ke3 a4 40. Ra7 a3 41.
h4 Bc3 42. Rb7 Be1 43. Kf3 Bc3 44. g3 Bd2 45. Rd7 Bc3 46. Rd6 Kg7 47. Kf4 Kf7
48. Rd7+ Ke6 49. Rb7 Bd2+ 50. Kf3 Bc3 51. Rb6+ Kf7 52. Kf4 Bd4 53. Rxb4 Bb2 54.
Kg5 Bc1+ 55. Rf4 Kg7 56. g4 Bxf4+ 57. Kxf4 hxg4 58. Kg3 Kh6 59. Kf4 Kh5 60. Kg3
g5 61. hxg5 Kxg5 62. Kg2 f4 63. Kf2 Kf5 64. Kg2 Ke4 65. Kf2 Kd3 66. Kg2 Ke2 67.
Kg1 f3 68. Kh2 f2 0-1

[Event "Titled Tue 10th Jun Early"]
[Site "chess.com INT"]
[Date "2025.06.10"]
[Round "3"]
[White "Burmakin, Evgeniy"]
[Black "Fofanov, Ilia"]
[Result "1-0"]
[WhiteTitle "FM"]
[BlackTitle "CM"]
[WhiteElo "2110"]
[BlackElo "2182"]
[WhiteFideId "4163729"]
[BlackFideId "4158962"]
[EventDate "2025.06.10"]

1. e4 c5 2. Nf3 d6 3. d4 cxd4 4. Nxd4 Nf6 5. Nc3 g6 6. Be3 Bg7 7. f3 O-O 8. Qd2
Nc6 9. Bc4 Bd7 10. O-O-O Rc8 11. Bb3 Ne5 12. g4 Nc4 13. Bxc4 Rxc4 14. h4 Qa5 15.
Kb1 Rfc8 16. Nb3 Qc7 17. Bh6 Bxh6 18. Qxh6 Rxc3 19. bxc3 Qxc3 20. Qd2 Qxf3 21.
e5 Ne4 22. Qd3 Qxd3 23. Rxd3 Nf2 24. exd6 Nxd3 25. cxd3 exd6 26. Rg1 Rc3 27. Nc1
f5 28. gxf5 Bxf5 29. Kb2 Rc7 30. h5 Kf7 31. hxg6+ Bxg6 32. Rf1+ Ke6 33. Re1+ Kd5
34. Re3 Rf7 35. Kc3 h5 36. Rg3 Bf5 37. Rg5 h4 38. Ne2 Ke5 39. Rh5 h3 40. Ng3 Rh7
41. Rxf5+ Ke6 42. Rf1 h2 43. Rh1 Ke5 44. Nf1 Kf4 45. Rxh2 Rc7+ 46. Kd2 Rc5 47.
Rf2+ Ke5 48. Ne3 d5 49. Rf7 Rb5 50. Rf5+ Kd4 51. Nc2+ Kc5 52. d4+ Kd6 53. Kc3 a5
54. Rh5 Rb6 55. Ne3 Rc6+ 56. Kd3 Ke6 57. Rxd5 Rb6 58. Rxa5 Rb1 59. Ke4 1-0

[Event "Titled Tue 10th Jun Early"]
[Site "chess.com INT"]
[Date "2025.06.10"]
[Round "3"]
[White "Martinez Martin, David 1981"]
[Black "Jake Shanty"]
[Result "1-0"]
[WhiteTitle "IM"]
[BlackTitle "FM"]
[WhiteElo "2369"]
[BlackElo "2252"]
[WhiteFideId "2209748"]
[BlackFideId "33478066"]
[EventDate "2025.06.10"]

1. d4 d5 2. c4 dxc4 3. Nf3 Nf6 4. e3 e6 5. Bxc4 c5 6. O-O a6 7. dxc5 Bxc5 8.
Qxd8+ Kxd8 9. Rd1+ Ke7 10. Be2 b6 11. a3 Bb7 12. b4 Bd6 13. Bb2 Nbd7 14. Nbd2 b5
15. Nb3 Rac8 16. Rac1 Bd5 17. Na5 Nb6 18. Nd4 Rxc1 19. Rxc1 Rc8 20. Rxc8 Nxc8
21. f3 Kd7 22. e4 Ba8 23. Nxb5 axb5 24. Bxb5+ Kc7 25. e5 Be7 26. exf6 gxf6 27.
Bd3 Nb6 28. Bxh7 f5 29. Bg8 Kd7 30. Bxf7 Bd5 31. Bd4 Na4 32. Kf2 Bg5 33. b5 Bd8
34. Nc6 Bc7 35. Nb4 Bc4 36. h4 Bxb5 37. h5 e5 38. Ba1 Ke7 39. Bg6 Bb6+ 40. Kg3
f4+ 41. Kh4 Bf2+ 42. Kg5 Kd6 43. h6 Nc5 44. h7 Ne6+ 45. Kf6 Bh4+ 46. Kf7 Ng5+
47. Kg8 Bc4+ 48. Kg7 Ne6+ 49. Kh6 Bg5+ 50. Kh5 Bf6 51. Bf5 Nf8 52. Kg4 Bf7 53.
Be4 Be6+ 54. Kh5 Bf7+ 55. Kh6 Bh8 56. Nd3 Ne6 57. Bxe5+ Bxe5 58. Nxe5 Kxe5 59.
h8=Q+ 1-0

[Event "Titled Tue 10th Jun Early"]
[Site "chess.com INT"]
[Date "2025.06.10"]
[Round "3"]
[White "Huseynova, Dinara"]
[Black "Csonka, Balazs"]
[Result "0-1"]
[WhiteTitle "WCM"]
[BlackTitle "IM"]
[WhiteElo "1833"]
[BlackElo "2467"]
[WhiteFideId "13437313"]
[BlackFideId "742910"]
[EventDate "2025.06.10"]

1. d4 Nf6 2. Nf3 a6 3. e3 b5 4. Bd3 Bb7 5. Nbd2 g5 6. h3 Rg8 7. e4 h5 8. e5 Nd5
9. Ne4 g4 10. Nfg5 Nc6 11. c3 d6 12. e6 fxe6 13. Nxe6 Qd7 14. N4g5 Rxg5 15. Nxg5
O-O-O 16. hxg4 hxg4 17. Qe2 e5 18. Qe4 Nce7 19. Qe2 Kb8 20. Be3 Nc6 21. O-O-O b4
22. Bxa6 bxc3 23. Bxb7 Kxb7 24. Qb5+ Nb6 25. bxc3 exd4 26. Bxd4 Nxd4 27. Qxd7
Ne2+ 28. Kd2 Rxd7 29. Kxe2 Bg7 30. Rh7 Re7+ 31. Kd3 Na4 32. Rb1+ Kc6 33. Rb3
Nc5+ 34. Kc2 Nxb3 35. axb3 Kd7 36. Ne4 d5 37. Nc5+ Kd6 38. Nd3 Rf7 39. f3 gxf3
40. gxf3 c5 41. f4 c4 42. bxc4 dxc4 43. Ne5 Rc7 44. Nxc4+ Ke6 45. Ne5 Bxe5 46.
Rh6+ Bf6 47. f5+ Kxf5 48. Kd3 Rxc3+ 49. Kd2 Ra3 50. Kc2 Ke6 51. Rh8 Be5 52. Re8+
Kd5 53. Rd8+ Ke4 54. Re8 Rc3+ 55. Kd2 Rb3 56. Kc2 Rb2+ 57. Kd1 Ra2 58. Rd8 Ke3
59. Rg8 Bd4 60. Re8+ Kd3 0-1

[Event "Titled Tue 10th Jun Early"]
[Site "chess.com INT"]
[Date "2025.06.10"]
[Round "3"]
[White "Kazakov, Mikhail"]
[Black "Boruchovsky, Avital"]
[Result "1-0"]
[WhiteTitle "GM"]
[BlackTitle "GM"]
[WhiteElo "2513"]
[BlackElo "2513"]
[WhiteFideId "14102749"]
[BlackFideId "2800055"]
[EventDate "2025.06.10"]

1. d4 d5 2. c4 e6 3. Nc3 Bb4 4. Nf3 Nf6 5. e3 O-O 6. Bd3 a6 7. O-O dxc4 8. Bxc4
b5 9. Bd3 Bb7 10. Qc2 h6 11. Ne4 Nbd7 12. Bd2 Be7 13. Ba5 Rc8 14. Rac1 Nd5 15.
a3 f5 16. Nc5 Nxc5 17. dxc5 Bf6 18. c6 Ba8 19. Rfd1 Qe8 20. Bxf5 exf5 21. Rxd5
Qe6 22. Rc5 Rfd8 23. Bc3 Bxc6 24. Bxf6 Be4 25. Qc3 Qxf6 26. Qxf6 gxf6 27. Nd4 c6
28. f3 Bd5 29. Nxf5 Kh7 30. Ne7 Ra8 31. Nxc6 Bxc6 32. Rxc6 Kg7 33. Kf2 Rd2+ 34.
Kg3 Rxb2 35. h4 h5 36. Rb6 Rg8 37. Rxa6 Kf7+ 38. Kf4 Rgxg2 39. Kf5 Rgc2 40. Ra7+
Ke8 41. Rxc2 Rxc2 42. Kxf6 Rc3 43. f4 Rxe3 44. f5 Rg3 45. Rh7 Rxa3 46. Rxh5 b4
47. Rh8+ Kd7 48. Rb8 b3 49. h5 Kd6 50. h6 Kc7 51. Rb4 Ra6+ 52. Kg7 Rb6 53. Rc4+
Kb7 54. Rc1 b2 55. Rb1 Kc6 56. h7 Rb7+ 57. Kg6 Rb8 58. f6 Kd6 59. Kg7 Ke6 60.
h8=Q 1-0